A Gyermelyi Zrt. export tevékenysége és vállalatirányítási rendszerének kapcsolata
| Szerző: | |
|---|---|
| További közreműködők: | |
| Dokumentumtípus: | Diplomadolgozat |
| Kulcsszavak: | döntéshozatal ERP rendszerek export élelmiszer élelmiszeripar integrált vállalatirányítási rendszer nemzetközi piac versenyképesség |
| Online Access: | http://dolgozattar.uni-bge.hu/59430 |
MARC
| LEADER | 00000nta a2200000 i 4500 | ||
|---|---|---|---|
| 001 | dolg59430 | ||
| 005 | 20260409145035.0 | ||
| 008 | 260409suuuu hu om 000 hun d | ||
| 040 | |a BGE Dolgozattár Repozitórium |b hun | ||
| 041 | |a hu | ||
| 100 | 1 | |a Furka Dominik | |
| 245 | 1 | 2 | |a A Gyermelyi Zrt. export tevékenysége és vállalatirányítási rendszerének kapcsolata |c Furka Dominik |h [elektronikus dokumentum] |
| 520 | 3 | |a Dolgozatomban a Gyermelyi Zrt., Magyarország piacvezető élelmiszeripari vállalatának exporttevékenységét, valamint az azt támogató vállalatirányítási rendszerét vizsgálom. A kutatás alapját személyes tapasztalataim képezik, hiszen közel hat éve állok kapcsolatban a vállalattal, így betekintést nyerhettem a belső működésbe is. A dolgozat célja feltárni, hogyan segíti elő az ERP rendszer a nemzetközi piacokra történő sikeres kilépést, illetve milyen mértékben járul hozzá a hatékonyság, rugalmasság és versenyképesség növeléséhez. A vállalatirányítási rendszer elemzését a J.D. Edwards megoldásán keresztül végzem, különös figyelmet fordítva az exporttevékenységhez kapcsolódó modulokra. A félig strukturált interjúkon alapuló kvalitatív kutatásom során a vállalat döntéshozóival készült beszélgetések betekintést nyújtanak abba, hogy milyen stratégiai szempontok és technológiai megoldások befolyásolják a Gyermelyi Zrt. nemzetközi sikereit. Dolgozatom hozzájárul a vállalatirányítási rendszerek szerepének mélyebb megértéséhez az exportfolyamatok optimalizálásában, és gyakorlati ajánlásokat is tartalmaz a jövőbeni fejlesztési lehetőségekről. | |
| 695 | |a döntéshozatal | ||
| 695 | |a ERP rendszerek | ||
| 695 | |a export | ||
| 695 | |a élelmiszer | ||
| 695 | |a élelmiszeripar | ||
| 695 | |a integrált vállalatirányítási rendszer | ||
| 695 | |a nemzetközi piac | ||
| 695 | |a versenyképesség | ||
| 700 | 1 | |a Kozár Dr. László |e ths | |
| 856 | 4 | 0 | |u http://dolgozattar.uni-bge.hu/59430/1/Szakdolgozat_UT090M_FD%20%28D%29.pdf |z Dokumentum-elérés |
| 856 | 4 | 0 | |u http://dolgozattar.uni-bge.hu/59430/2/Furka.b%C3%ADr.pdf |z Dokumentum-elérés |
| 856 | 4 | 0 | |u http://dolgozattar.uni-bge.hu/59430/3/BA%20KM%20Furka%20Dominik_Koz%C3%A1r%20.pdf |z Dokumentum-elérés |